000 00617nam a2200193 i 4500
001 21492
003 ES-MaACL
005 20250901090023.0
007 t|
008 021126s1914 fr ||||1| fre d
100 1 _aAlbert-Well, E.
_919332
245 1 0 _aEléménts de radiologie
_b: diagnostic et thérapeutique par les rayons x /
_cpar E. Albert-Well.
260 _aParís :
_bFélix Alcan,
_c1914 (
_eEvreux :
_fCh. Herissey)
300 _aVI, 492 p., 2 lám. :
_bil. ;
_c25 cm.
650 4 _aRayos X.
_9136804
650 7 _aRadiología
_2embne
_9140316
852 _aES-MaACL
_jB-12665
999 _c21492
_d21492